Wspólczynnik inflacyjnej kompensaty kursu.

Definícia ukazovateľa. Vyrovnanie kurzu v Poľsku, Brazílii a Argentíne. Ukazovateľ vyrovnania kurzov nemeckej marky a japonského jena s americkým dolárom. Casselovu teóriu parity kúpnej sily spája s rastom vývozu.

Gespeichert in:
Bibliographische Detailangaben
1. Verfasser: Jasinski, L.J
Format: Buchkapitel
Sprache:Polnisch
Schlagworte:
Tags: Tag hinzufügen
Keine Tags, Fügen Sie das erste Tag hinzu!

MARC

LEADER 00000naa a2200000 4500
001 r004535
005 20221125123226.8
041 0 |a pol 
044 |a PL 
245 1 0 |a Wspólczynnik inflacyjnej kompensaty kursu.  |c L.J. Jasinski 
520 |a Definícia ukazovateľa. Vyrovnanie kurzu v Poľsku, Brazílii a Argentíne. Ukazovateľ vyrovnania kurzov nemeckej marky a japonského jena s americkým dolárom. Casselovu teóriu parity kúpnej sily spája s rastom vývozu. 
610 2 0 |a kurz menový 
610 2 0 |a zlotý 
610 2 0 |a dolár 
610 2 0 |a parita 
610 2 0 |a sila kúpna peňazí 
610 2 0 |a vývoz 
610 2 0 |a kurz valutový 
610 2 0 |a inflácia 
610 2 0 |a Poľsko 
100 1 |a Jasinski, L.J.